Countries Closest to Czechia - Statistics

General Stats
  • This quiz has been taken 5,234 times
  • The average score is 18 of 20
Answer Stats
km country miles % Correct
0 Germany 0
99%
0 Poland 0
99%
0 Austria 0
98%
0 Slovakia 0
98%
70 Hungary 43
95%
218 Italy 135
94%
200 Slovenia 125
94%
234 Croatia 145
92%
313 France 194
92%
314 Switzerland 195
90%
263 Ukraine 164
90%
330 Serbia 205
87%
404 Belgium 251
85%
421 Denmark 261
85%
429 Netherlands 266
85%
321 Romania 199
84%
371 Bosnia and Herzegovina 231
83%
334 Liechtenstein 204
83%
401 Luxembourg 249
81%
395 Belarus 245
80%
No matching quizzes found
Score Distribution
Percent of People with Each Score
Percentile by Number Answered
Your Score History
You have not taken this quiz